[Event "Stuttgart-ch op-A"]
[Site "Ditzingen"]
[Date "2012.05.19"]
[Round "6"]
[White "Karpatchev, Aleksandr"]
[Black "Strunski, Andreas"]
[Result "1-0"]
[WhiteElo "2414"]
[BlackElo "2362"]
[Annotator "Gutman,L"]
[PlyCount "107"]
[EventDate "2012.05.17"]
[EventType "swiss"]
[EventRounds "7"]
[EventCountry "GER"]
[SourceTitle "CBM 149"]
[Source "ChessBase"]
[SourceDate "2012.07.17"]
[SourceVersion "1"]
[SourceVersionDate "2012.07.17"]
[SourceQuality "1"]

1. e4 c5 2. c3 d5 3. exd5 Qxd5 4. d4 g6 5. Nf3 Bg7 6. Na3 cxd4 (6... Nf6 7. Bc4
Qe4+ 8. Be3 $14) 7. Nb5 Na6 8. Nbxd4 Nf6 9. Bb5+ $5 {Ein neuer Versuch.} ({Nach
} 9. Be2 O-O 10. O-O {hat Schwarz wenig Probleme, man sehe} Nc5 (10... b6 $5
11. Ng5 Bb7 12. Bf3 Qd7 13. Bxb7 Qxb7 14. Qf3 Qd7 $11) 11. Nb3 (11. Bf4 b6 12.
Ne5 Bb7 $15 {Busche-Luther, Wiesbaden 2011}) 11... b6 12. Qxd5 Nxd5 13. Nxc5
bxc5 14. Rd1 Bb7 15. Nd2 Rfd8 16. Nb3 Rac8 $11) 9... Bd7 10. Bxa6 bxa6 11. O-O
O-O 12. Re1 Rfe8 13. Ne5 Rab8 $6 (13... Red8 $5 14. Qb3 (14. Qf3 Rac8 15. Nxd7
Rxd7 16. Bf4 Qxf3 17. Nxf3 Rb7 18. Re2 Nd5 $11) 14... Be8 15. Ndf3 Rab8 16. Qc2
Qb7 $11) 14. Qf3 Qxf3 15. Ndxf3 Rb7 16. Ng5 $2 {Zu optimistisch.} ({Etwas
bessere Aussichten versprach} 16. b3 Bf5 ({oder} 16... Ng4 17. Nxd7 Rxd7 18.
Bb2 $14) 17. Bb2 Nd7 18. Rad1 Nxe5 19. Nxe5 a5 20. Rd4 Rb6 21. Ra4 Ra6 22. f4
f6 23. Nc4 Rd8 24. Kf2 Be6 25. Ba3 Bf8 26. Bc5 $14) 16... Rf8 17. Nd3 ({
Vorsichtiger war} 17. h3 Nd5 18. Nxd7 Rxd7 19. Rd1 Rc8 $11) 17... Bb5 18. Nc5
Rc7 19. Nb3 Nd5 20. Bd2 $2 {Weiß unterschätzt das schwarze Läuferpaar.} ({
Das kleinere Übel wäre} 20. Nf3 e6 21. Nbd4 Re8 $15) 20... Rb8 21. Rad1 Bc4 22.
Bc1 e6 23. Nf3 Rcc8 24. Nfd4 Rb6 25. Re4 a5 26. Nxa5 Bxa2 27. Ndc6 Rbxc6 28.
Nxc6 Rxc6 29. Ra4 Bb3 30. Rxa7 h6 31. Re1 g5 ({Vorteil versprach} 31... Rb6 32.
Ra8+ Kh7 33. Ra7 f5 34. h4 Kg8 $17) 32. h3 f5 ({Besser war} 32... Rb6) 33. Rb7
Bc4 34. Bd2 Ba6 35. Ra7 f4 ({Und wieder lag} 35... Rb6 $17 {auf der Hand.}) 36.
Ra1 Nc7 $4 ({Stellt die Partie ein, während nach} 36... Bd3 37. Rb7 Rc8 38.
Raa7 Be5 $15 {Schwarz immer noch am Ruder bliebe.}) 37. Rxc7 Rxc7 38. Rxa6 Rb7
({Etwas hartnäckiger wäre} 38... Rd7 39. Be1 Kf7 40. Kf1 Rd1 41. Ke2 Rb1 42.
Rb6 $16 h5 43. Bd2 $16) 39. b4 Rd7 40. Ra2 Rc7 41. b5 Rc5 42. Rb2 Bxc3 43. Bxc3
Rxc3 44. b6 Rc1+ 45. Kh2 Rc8 46. b7 Rb8 47. Kg1 h5 48. Kf1 g4 49. hxg4 hxg4 50.
Ke2 Kf7 51. Kd3 Ke7 52. Ke4 g3 53. f3 Kd6 54. Kxf4 1-0

[Event "Linares 15th"]
[Site "Linares"]
[Date "1998.02.23"]
[Round "2"]
[White "Anand, Viswanathan"]
[Black "Svidler, Peter"]
[Result "1-0"]
[WhiteElo "2770"]
[BlackElo "2690"]
[Annotator "Hansen,Cu"]
[PlyCount "83"]
[EventDate "1998.02.22"]
[EventType "tourn"]
[EventRounds "12"]
[EventCountry "ESP"]
[EventCategory "21"]
[SourceTitle "CBM 064"]
[Source "ChessBase"]
[SourceDate "1998.06.02"]
[SourceVersion "1"]
[SourceVersionDate "1998.06.02"]
[SourceQuality "1"]

1. e4 {Yudasin,L} g6 2. d4 Bg7 3. Nc3 d6 4. Be3 a6 5. Nf3 (5. h4 $5 {Yudasin,L}
) 5... b5 (5... Nf6 {Yudasin,L} 6. h3 b5 7. e5 Nfd7 8. exd6 exd6 9. Bd3 $14) 6.
Bd3 Nd7 {/\c5} (6... Bb7 {Yudasin,L} 7. a4 b4 8. Nd5 Nf6 (8... a5 9. c3 e6 10.
Nf4 Nf6 (10... e5 11. dxe5 dxe5 12. Nd5 Ne7 13. Bg5 Bxd5) 11. Qc2 Nbd7 $13) 9.
Nxf6+ $14) 7. e5 {I believe this move was played the first time against me in
1991} Bb7 (7... e6 8. Bg5 Ne7 9. a4 bxa4 10. exd6 cxd6 11. Rxa4 O-O 12. O-O Bb7
13. Be4 d5 14. Bd3 f6 15. Bh4 Nf5 $132 {Fishbein,A-Hansen,C/Kerteminde 1991/
(59)}) (7... dxe5 {Yudasin,L} 8. Be4 Rb8 9. dxe5 {/\10.Ba7,10.e6}) 8. e6 (8.
exd6 {Yudasin,L} cxd6 9. O-O Ngf6 $15) 8... fxe6 9. Ng5 Nf8 10. O-O $44 {
[%csl Re8] White has longterm compensation. Blacks P-structure has been
weakened and his development has been obstructed seriously. However white
needs to open lines to improve his position and that is not so easy} (10. Qe2
$44 {Was another idea with the option of castling queenside}) 10... Nf6 (10...
e5 {Yudasin,L} 11. dxe5 Bxe5 12. Be4 $146) 11. Re1 (11. a4 $142 $14 {Svidler})
11... Qd7 12. Bd2 (12. a4 {Yudasin,L} b4 13. Nce4 h6 14. Nxf6+ exf6 $13) (12.
Qe2 {Yudasin,L} h6 13. Nge4 $146) 12... h6 {[%csl Rg6] This move weakens g6,
but black cannot tolerate the white N on g5} 13. Nf3 (13. Nge4 {Yudasin,L} Nxe4
14. Bxe4 d5 15. Bf3 Bxd4) 13... Rb8 (13... g5 {Yudasin,L} 14. a4 b4 15. Ne4 g4
16. Nh4) 14. a4 b4 15. Ne4 Nxe4 16. Bxe4 Bxe4 17. Rxe4 {/\c3,,Rb1,Qe2~/=} Qc6
$5 {White cannot easily put more pressure on e6. So it is quite possible that
he will try to attack blacks pawns on the Q-side. Playing a4-a5 and attack b4
would be one idea. Blacks textmove is played with the idea of putting the Q on
the square c4. It can easily be forced away, but white might have to make some
consessions like playing the positionally dubios move b2-b3} 18. Re3 {/\Rb3,c3}
Qc4 (18... Qd5 {Yudasin,L} 19. c3 b3 20. Qe2) (18... g5 {Yudasin,L} 19. c3 bxc3
20. Bxc3 Qd5 21. Qd3 a5 22. Nd2 {/\Nc4-a5,/\Nc4,Rf3,Ne3}) 19. c3 (19. b3 $6 Qd5
) (19. Rb3 {Yudasin,L} Nd7 20. c3 O-O 21. cxb4 c6 $13) 19... b3 {Black wants
to keep the Q-side closed. As long as his N is on f8, he cannot let white get
more open files for his Rs as Rh8 does not participate in the game} 20. Re1 {
[%csl Rb3][%cal Yd2e3,Yf3d2,Ya1a3] White has created a weakness on b3 and now
he will regroup with Be3, Nd2 and possibly Ra3 to attack this weakness} (20.
Be1 {Yudasin,L} g5 21. Nd2 Qd5 22. Ra3 Ng6 23. Qh5 Qf5 24. Rf3 Qc2 $13) 20...
g5 (20... Kf7 {Yudasin,L} 21. Be3 Nd7 22. Nd2 Qd5 23. c4 Qb7 24. Ra3) 21. Be3
Qd5 (21... Ng6 {Yudasin,L} 22. Nd2 Qd5 23. Ra3 Nh4 24. f3 g4 25. Bf2) 22. Qd3
$1 {[%cal Yd3a6,Yd3g6] Anand:?!} a5 23. Ra3 {Anand: ?!} Kf7 24. Nd2 Ng6 (24...
Bf6 $5 $13 {Yudasin,L}) 25. Qe2 $1 {[%cal Ye2h5] e6 Black was finally ready
to develop Rh8, but now the pin on blacks N after Qh5 would keep blacks forces
tied up} (25. c4 Qf5 $132) 25... Nh4 (25... Rhf8 26. Qh5 $16 (26. c4 {Yudasin,L
} Qf5 27. Nxb3 $36)) (25... e5 {Yudasin,L} 26. c4 Qa8 27. d5 Nf4 $2 28. Bxf4
gxf4 29. Qh5+ $40) 26. f3 Ng6 (26... Rhf8 $5 27. c4 Qa8 {Black does not like
to move the Q away from the K but the alternative is not very good either:} (
27... Qf5 28. g3 Ng6 29. g4 Qf6 30. Ne4 Nf4 31. Qd1 $16) 28. Bf2 (28. Bxg5
Bxd4+ 29. Be3 Rg8 30. Bxd4 Rxg2+ 31. Qxg2 Nxg2 32. Kxg2 $14) 28... e5 29. dxe5
Bxe5) (26... e5 {Yudasin,L} 27. dxe5 Bxe5 28. Nc4 Bf6 29. Rd1 $36) 27. c4 Qf5 (
27... Qa8 {Yudasin,L} 28. Bxg5 (28. Nxb3 Bf6 $14) 28... Bxd4+ $13) 28. Ne4 $1 {
[%csl Rf5][%cal Rg2g4] /\g4 White is not mainly interested in winning back the
P on b3. He wants to disturb the coordination of the black forces. The threat
g2-g4, makes it one more time impossible to develop Rh8} Kg8 {[%csl Rh8]} (
28... Nf4 {Yudasin,L} 29. Qd1 Rb4 30. Rxb3 Rxc4 31. Rb5) (28... g4 {Yudasin,L}
29. Rf1) 29. Qd1 Rb4 $2 (29... Kh7 $142 $5 {Yudasin,L}) (29... g4 $142 {Svidler
} 30. Ng3 $140 Qc2) 30. Rxb3 Rxc4 $2 $16 (30... Rxb3 $142 31. Qxb3 Kh7 $13 {
Anand}) 31. Rb5 Qf7 (31... d5 {Yudasin,L} 32. b3 Rb4 33. Rxa5) 32. Rxa5 Kh7 33.
Rb5 (33. Bxg5 {Yudasin,L} Rxd4) (33. Rxg5 {Yudasin,L} d5) 33... d5 $2 {[%csl
Rc5] Now black could and should move Rh8 into the game} (33... Ra8 34. b3 Rc6
$16) (33... Rc6 $16 {Yudasin,L} 34. Rxg5 $2 d5 35. Rxg6 Qxg6 36. Nc5 $13) 34.
Nc5 {[%csl Rc4] /\b3,Qd2 The black R on c4 is now in trouble} Qf5 35. b3 Rc3
36. Qd2 Rc2 37. g4 $1 Nh4 38. gxf5 Nxf3+ 39. Kh1 Nxd2 40. Re2 Nc4 (40... exf5 {
Yudasin,L} 41. Bxd2 (41. Ne6 f4 42. Bxd2 f3 43. Rf2 c6 44. Rb7 Bf6 $132) (41.
Rxd2 Rxd2 42. Bxd2 Bxd4 43. Ne6 c6 44. Rb7 Bf6 45. a5 $18) 41... Bxd4 42. Rxe7+
Kg6 $132) 41. Rxc2 Nxe3 42. Re2 (42. Re2 {Yudasin,L} Nxf5 43. Nxe6 c6 44. Rb6
Rc8 45. Rc2 $18) 1-0

[Event "Koge op-A"]
[Site "Koge"]
[Date "1997.??.??"]
[Round "7"]
[White "Sokolov, Ivan"]
[Black "Hillarp Persson, Tiger"]
[Result "0-1"]
[WhiteElo "2635"]
[BlackElo "2445"]
[Annotator "Hansen,LB"]
[PlyCount "66"]
[EventDate "1997.??.??"]
[EventType "swiss"]
[EventRounds "9"]
[EventCountry "DEN"]
[SourceTitle "EXT 2000"]
[Source "ChessBase"]
[SourceDate "1999.11.16"]
[SourceVersion "1"]
[SourceVersionDate "1999.11.16"]
[SourceQuality "1"]

1. d4 g6 2. e4 Bg7 3. Nc3 d6 4. Be3 a6 $5 5. Qd2 Nd7 6. h4 $5 h5 7. Nh3 b5 8.
Ng5 Bb7 9. a4 c6 10. Rd1 $6 Qc7 11. f4 $6 {><g4} Nh6 $1 12. Be2 Nf6 13. Bf3
Nfg4 14. O-O d5 $5 15. exd5 Nf5 $1 16. Bf2 Rd8 $1 17. dxc6 Rxd4 $1 18. Nd5 $5 (
18. Qe2 Nxf2 19. Qxf2 Bxc6 $17 {Hillarp-Persson}) 18... Qxc6 19. Qa5 Qd6 20.
Ne4 (20. Nc7+ Kf8 21. Rxd4 Bxd4) (20. Bxd4 Bxd4+ 21. Rxd4 Nxd4 $17 22. Nc7+ $2
Kf8 23. Bxb7 Ne2+ $19) 20... Qxd5 21. Nf6+ Bxf6 22. Bxd5 Nxf2 $1 (22... Rxd5
23. Qc7) (22... Bxd5 23. Bxd4 Bxd4+ 24. Rxd4 Nxd4 25. Qd2 {Hillarp-Persson})
23. Bxb7 Nxd1 24. axb5 O-O $5 (24... axb5 25. Qa8+ Kd7 26. Bc6+ Kd6 27. Qb7 $13
{Hillarp-Persson}) 25. c3 $2 {Hillarp-Persson} (25. bxa6 Rd7 26. a7 (26. c3
Nde3 27. a7 Rxb7 28. a8=Q Rxb2 $1 29. Qf3 Rxg2+ 30. Qxg2 Nxg2 31. Kxg2 Ne3+ 32.
Kg1 Nxf1 33. Kxf1 Rc8 $1 34. f5 $1 {-/+/-+}) 26... Bd4+ 27. Kh2 Bxa7 28. Qxa7
Nde3 29. Re1 (29. Rf3 Ng4+ 30. Kh3 (30. Kg1 Nfe3 $1 $19) 30... Rd1 $19) 29...
Ng4+ 30. Kg1 Nd6 $19) 25... Nde3 $3 26. bxa6 (26. cxd4 Bxd4 {/\27... Ne4,Nc4}
27. Rf2 $8 Ng4 28. Kf1 Bxf2 29. Ke2 axb5 $19) 26... Rd7 27. Bc6 Rd2 $1 28. Rb1
$2 $19 (28. a7 Bxh4 $3 29. a8=Q Bf2+ 30. Kh2 (30. Rxf2 Rd1+ 31. Kh2 Ng4+ 32.
Kh3 Rh1#) 30... Nxf1+ 31. Kh3 Rxa8 32. Qxa8+ Kg7 $19) 28... Bxh4 29. Bf3 Bf2+
30. Kh1 Ng4 $1 {/\31... Ng3#} 31. Bxg4 hxg4 32. c4 $2 (32. a7 Rdd8 33. Ra1 Ra8
34. Qe5 g3 $1 $19) 32... Kg7 $1 33. Qe5+ f6 0-1

[Event "Dresden zt 1.2"]
[Site "Dresden"]
[Date "1998.05.09"]
[Round "11"]
[White "Atlas, Dimitry"]
[Black "Pelletier, Yannick"]
[Result "0-1"]
[WhiteElo "2315"]
[BlackElo "2515"]
[Annotator "Har Zvi,R"]
[PlyCount "66"]
[EventDate "1998.04.28"]
[EventType "swiss"]
[EventRounds "11"]
[EventCountry "GER"]
[SourceTitle "CBM 065"]
[Source "ChessBase"]
[SourceDate "1998.08.06"]
[SourceVersion "1"]
[SourceVersionDate "1998.08.06"]
[SourceQuality "1"]

1. e4 c5 2. c3 d5 3. exd5 Qxd5 4. d4 g6 5. Nf3 Bg7 6. Na3 (6. Be3 cxd4 7. cxd4
Nf6 (7... Nh6 $4 {HarZvi} 8. Qc1 {[%cal Gc1c8,Ge3h6]} (8. Nc3 {funny,very
funny!} Qa5 9. Bb5+ Bd7 10. Bxd7+ Nxd7 11. Qb3 {1-0 Onoprienko,V-Kostin,S/
RUS-Cup8 1997/EXP 58 (32)})) 8. Nc3 Qd8 (8... Qa5 9. Bc4 O-O 10. h3 Nbd7 11.
O-O Nb6 12. Bb3 Nbd5 13. Bd2 Qd8 $13) 9. Bc4 (9. d5 O-O 10. Bc4 Na6 11. O-O Nc7
12. Qb3 Nce8 13. h3 Nd6 14. Be2 Bd7 $11 {0-1 Yagupov,I-Morozevich,A/RUS-ch
1992/EXT 92ch (47)}) 9... O-O 10. O-O (10. h3 $5 Nc6 11. a3) 10... Nc6 11. d5 (
11. h3 Na5 12. Bd3 b6 {[%cal Gc8b7]}) 11... Na5 12. Be2 Bg4 13. Re1 Rc8 14. Bd4
(14. Bxa7 b6 {[%csl Ra7]}) 14... a6 15. h3 Bxf3 16. Bxf3 Nc4 17. Re2 $11 {
1-0 Zifroni,D-Kengis,E/EUCup G2 1997/CBM 62/[HarZvi] (40)}) 6... cxd4 (6... a6
7. Nc4 (7. dxc5 $5 Qxc5 (7... Qxd1+ 8. Kxd1 Bg4 9. Be3 Nd7 10. Rc1 $16) 8. Be3
Qc7 9. Nc4 Nd7 10. a4 $14) (7. Bc4 Qe4+ 8. Be3 Bh6 9. O-O Bxe3 10. fxe3 Nh6 11.
Qb3 e6 12. Rae1 b5 13. Be2 c4 14. Qd1 Qxe3+ 15. Kh1 Nf5 16. Bxc4 Qh6 17. Bd5
Ra7 18. Kg1 O-O 19. Be4 $14 {1/2-1/2 Ivanov,V-Rashkovsky,N/RUS-Cup2 1996/EXP
56 (32)}) 7... Nd7 8. Ne3 Qd6 9. d5 Ngf6 10. a4 $14) 7. Nb5 (7. Bc4 Qd8 $1 (
7... Qe4+ 8. Be3 $1 $16 {Sveshnikov,E}) 8. Qb3 e6 $8 9. Nxd4 Ne7 10. Bg5 h6 11.
Be3 Nd5 12. Bxd5 exd5 $8 13. O-O O-O 14. Nac2 Nc6 15. Nb4 $14 {+/= Sveshnikov,
E-Cvitan,O/Tilburg (m/3) 1993}) 7... Na6 8. Nfxd4 $6 $146 {a novelty according
to my database,but it seems as not the most seccessfull one,8.Be3 as has been
played several times seems the main option for white,since after 8.Nfxd4 white
fights for equal} (8. Be3 $5 Bg4 (8... Nf6 9. Bxd4 O-O 10. Be2 $16) (8... e5 9.
cxd4 exd4 10. Bc4 $1 Qc5 11. Bxd4 Qb4+ 12. Qd2 $16 {--> _|_}) 9. Qa4 $5 (9.
Nbxd4 Nf6 (9... e5 10. Nb5 $16) (9... Nc5 10. Bb5+ $14) 10. Be2 O-O 11. O-O $14
) 9... Kf8 $6 (9... Qd7 10. Bxd4 Bxd4 11. Qxd4 Qxd4 12. Nfxd4 $14) (9... Bd7
10. Nfxd4 (10. Bc4 Qc6 11. Bxd4 $14) 10... Bxd4 11. Bxd4 Qe4+ 12. Be2 Nf6 $13)
10. Nfxd4 $16 {1-0 Rausis,I-Permjakov,V/LAT-ch 1994/[Belov] (19)}) 8... Nf6 (
8... e5 {Belov} 9. Nf3 Qxd1+ 10. Kxd1 Ke7 11. Be3 f6 $11) 9. Qf3 O-O 10. Qxd5 (
10. Be2 $5) 10... Nxd5 11. Be2 Nc5 12. O-O a6 13. Nb3 (13. Na3 Rd8 $15 (13...
Bxd4 14. cxd4 Ne6 15. Bf3 Rd8 16. Nc4 $1 (16. Rd1 b5 {[%cal Gc8b7]}) 16... Nf6
(16... Nxd4 $2 17. Bxd5 Rxd5 18. Nb6 $18) 17. Nb6 Rb8 18. Be3 $1 {[%csl Rb8,
Rc8]} Nxd4 19. Bf4)) 13... Na4 14. Na3 (14. N5d4 e5 (14... Rd8) 15. Nf3 Nf4 $1
16. Bxf4 (16. Bc4 $2 b5) (16. Bd1 Nd3) 16... exf4 17. Nbd4 Re8 $15 {[%csl Rb2,
Gc8,Gg7] /-/+}) 14... e5 (14... Rd8 $5) 15. Bf3 Rd8 16. Na5 Rb8 17. N3c4 (17.
Rd1 Be6 18. c4 $6 Nb4 $1 19. Rxd8+ (19. Nxb7 Rxd1+ 20. Bxd1 Nxb2 21. Bxb2 Nd3
$36) 19... Rxd8 20. Nxb7 Rd7 {[%cal Ge5e4]} 21. h3 (21. Na5 e4 22. Be2 Nxb2 $17
) 21... f5 $17) 17... Ne7 18. Bd1 (18. Rd1 $5) 18... b5 19. Bxa4 bxa4 20. Be3
Rb5 {[%csl Ra5,Rc4][%cal Gb5d5] a usefull move,both prepering to fight for the
"d" file,and also tie white's knight on c4 since the "a5" knight is under the
rook's attack} 21. b4 (21. Rfd1 Rdd5 (21... Rbd5 22. Rxd5 Rxd5 (22... Nxd5 23.
Nc6 Re8 24. Nd6 $36) 23. Nb6 $1 Rxa5 24. Rd1 h5 25. Rd8+ Kh7 26. Nxc8 Nxc8 27.
c4 $3 {a fantastic move,which I am not sure the players saw during the game
now white is better} (27. Rxc8 Rb5 $17 28. Bc1 $2 Rd5 $19 {[%csl Rc1,Rg1]}))
22. Rxd5 Nxd5 23. Rd1 (23. Nd6 $2 Rxa5 24. Nxc8 Nxe3 25. fxe3 Rc5 26. Nd6 a3
$17) 23... Be6 $15 {/-/+}) 21... Be6 22. Bc5 Rc8 $1 (22... Nd5 23. Nd6) 23.
Bxe7 (23. Rfd1 Rbxc5 24. bxc5 Rxc5 25. Rab1 h5 $1 (25... Bxc4 26. Nxc4 Rxc4 27.
Rb8+ Bf8 28. Rdd8 Kg7 29. Rxf8 Rxc3 30. h3 $13 {/=}) 26. Rb7 (26. Rb4 Nd5 $15 {
/-/+}) 26... Nd5 $15 {/-/+}) 23... Bxc4 {[%csl Rc3]} 24. Rfd1 (24. Nxc4 Rxc4
25. Rfd1 h5) 24... h5 25. Rd8+ $2 {a critical and wrong decision! it seems
that white did not understand very well the endgame he was leading to,after 25.
Nxc4 Rxc4 and now 26.Rd6 it seems white has very good drawing chances,while
here he gets a much worse position} (25. Nxc4 Rxc4 26. Rd6 Rxc3 (26... Rb7 27.
Bg5 Rxc3 28. Rxa6 f6 29. Bxf6 Rxb4 $11) 27. Rxa6 Ra3 28. h3 $15 (28. g3 $5)
28... Kh7 (28... e4 29. Re1 Rxa2 (29... f5 30. Re2) 30. Rxe4) 29. Bc5 e4 30.
Re1 Rxa2 31. Rxe4) 25... Rxd8 26. Bxd8 Be6 $17 27. Be7 (27. a3 Rd5 (27... e4)
28. Bb6 Rd3 29. c4 e4 $19) (27. Nc6 e4 (27... Rb7 $5 28. a3 Rd7 $17) 28. Nd4
Bxd4 29. cxd4 Rxb4 30. a3 (30. Bf6 Bxa2 $18) 30... Rxd4 31. Bf6 Rd3 $17) 27...
e4 28. Rc1 Rd5 $1 {[%cal Gd8d1] the only open file in the game is noow under
black's control,this is a very impressive move,not taking the "a" no rush
first let's take the "d" file} (28... Bxa2 29. c4 (29. Ra1 Rd5 $1 30. h3 Rd2
$19) 29... Rb8 {this dooes not seem bad for black too,but the game's
continuatioon seems more coonvincing}) 29. c4 (29. h3 a3 $5 (29... Rd7 30. Bg5
Bxa2 31. Ra1 Bb3 32. Nxb3 axb3 33. Rb1 $17) 30. Nb3 Rd7 31. Bg5 (31. Bc5 $2
Bxb3 32. axb3 Bxc3 33. Rxc3 Rd1+ 34. Kh2 a2 35. Bd4 Rxd4 36. Rc1 Rxb4 $19)
31... Bxb3 32. axb3 e3 $1 (32... Bxc3 $4 33. Rxc3 Rd1+ 34. Kh2 a2 35. Bf6) 33.
Bxe3 Bxc3 34. Rxc3 Rd1+ 35. Kh2 a2 36. Bd4 Rxd4 37. Rc1 Rd2 $1 $19 {[%cal
Gd2b2,Gg8f8,Gf8e7,Ge7d7,Gd7c6,Gc6b5]} (37... Rxb4 $2 38. Ra1 Rxb3 39. Rxa2 Rb6
$11)) (29. a3 Bxc3) 29... Rd2 30. Bc5 (30. c5 Rxa2 31. c6 Rb2 32. c7 a3 33. Nc4
a2 $19) (30. b5 axb5 31. cxb5 Bd4 32. Bh4 e3 33. fxe3 Bxe3+ 34. Kf1 Rxa2 $19)
30... Rxa2 31. Be3 Rb2 $1 32. c5 a3 33. c6 a2 0-1

[Event "EU-Cup 13th Group2"]
[Site "Eupen"]
[Date "1997.09.22"]
[Round "1"]
[White "Zifroni, Dov"]
[Black "Kengis, Edvins"]
[Result "1-0"]
[WhiteElo "2500"]
[BlackElo "2590"]
[Annotator "Har Zvi,R"]
[PlyCount "64"]
[EventDate "1997.09.22"]
[EventType "team-k.o."]
[EventRounds "3"]
[EventCountry "BEL"]
[SourceTitle "EXT 2020"]
[Source "ChessBase"]
[SourceDate "2019.10.17"]
[SourceVersion "1"]
[SourceVersionDate "2019.10.17"]
[SourceQuality "1"]
[WhiteTeam "Herzliya Chess Club"]
[BlackTeam "Liepaja Baltika"]
[WhiteTeamCountry "ISR"]
[BlackTeamCountry "LAT"]

1. e4 c5 2. c3 g6 3. Nf3 d5 4. exd5 Qxd5 5. d4 Bg7 6. Be3 (6. Na3 $5 {is the
main continuationin the position}) 6... cxd4 7. cxd4 Nf6 (7... Nh6 $4 8. Qc1)
8. Nc3 Qd8 (8... Qa5 9. Bc4 O-O 10. h3 Nbd7 11. O-O Nb6 12. Bb3 Nbd5 13. Bd2
Qd8 $13) 9. Bc4 O-O 10. O-O (10. h3 $5 {now allowing Bg4} Nc6 11. a3) 10... Nc6
11. d5 (11. h3 Na5 12. Bd3 b6) 11... Na5 12. Be2 Bg4 {the correct idea,black's
light colored bishop has no good place on the board,the idea is simply to
exchange him for white's knight,and thengo with the knight to c4 with about
equal position} 13. Re1 Rc8 14. Bd4 (14. Bxa7 b6) 14... a6 15. h3 Bxf3 16. Bxf3
Nc4 17. Re2 $10 {we have reached here quite a standard position,white has two
bishops but has some play in compensation,black main problem in this position
is normally the "e7" pawn while his play ison the "c"file} b5 (17... Qc7 18.
Qd3 Nd6 19. Rae1 Nf5 20. Be5 Qc4 (20... Nd6 $8 $14) (20... Qc5 21. g4 $1 $16)
21. Qxc4 Rxc4 22. g4 Nd6 23. Bg3 $1 $14 {/+/-} (23. g5 $6 Nfe4 $1 24. Rxe4 (24.
Nxe4 Bxe5 25. Nd2 Rc2) 24... Nxe4 25. Bxg7 Nxg5 26. Be2 Kxg7 27. Bxc4 Nf3+))
18. Qd3 Nd6 (18... b4 $6 19. Na4 a5 (19... Nxd5 20. Bxg7 Nc3 21. Qxd8 Nxe2+ 22.
Bxe2 Rfxd8 23. Bh6 $16 Nxb2 $2 24. Nxb2 Rc2 25. Bxa6 Rxb2 26. Bc4 $18) 20. Rae1
Re8 21. b3 $14 {/+/-}) 19. Rae1 Nf5 20. Be5 b4 21. Bxf6 (21. Na4 Qa5 22. b3
Rfd8) (21. Ne4 Nxd5 (21... Nxe4 $6 22. Bxe4 $1 Nd6 (22... Bxe5 $2 23. Bxf5 $18)
23. Bxg7 Kxg7 24. Qd4+) 22. Bxg7 Kxg7 23. Rd2 e6 24. Qxa6 Qc7 $36) 21... Bxf6
22. Ne4 Bg7 23. Bg4 Nd4 (23... e6 {this was another alternative,giving black
atleast equal chances} 24. Rd2 (24. d6 $2 Nd4) (24. Bxf5 $2 exf5 25. Ng3 Qd6)
24... h5 (24... exd5 25. Bxf5 gxf5 (25... dxe4 26. Qe2) 26. Ng3 $36) 25. Be2
exd5 26. Qxd5 Qb6 $5 $36 (26... Qxd5 27. Rxd5 $10)) 24. Bxc8 Nxe2+ 25. Rxe2
Qxc8 26. Rc2 Qf5 27. Nc5 Rc8 (27... Qxd3 28. Nxd3 a5 29. Rc5 (29. Rc7 Rd8 30.
Rxe7 Kf8 $1 $15) 29... Ra8 $13) 28. Qxa6 Bd4 $6 {this is not a mistake yet,
since it seems black has a draw also after this move,but the simple Qxc2 leads
immediately to a draw} (28... Qxc2 29. Qxc8+ Bf8 30. Kh2 Qc1 (30... Qxf2 31.
Nd7) 31. b3 $10) 29. g4 $8 Rxc5 (29... Qxc2 30. Qxc8+ Kg7 31. Ne6+) 30. gxf5
Rxc2 {this is the critical position after 28...Bd4 it seems here that black
can and should make a draw} 31. d6 (31. Qa4 Rxb2 32. Qe8+ Kg7 33. Qxe7 Bxf2+
34. Kf1 Bd4 $10) 31... exd6 32. Qxd6 Bxb2 $4 {probably time trouble since
otherwish I can explain this move from such strong player as Kengis} (32...
Bxf2+ $8 33. Kf1 Bc5 34. Qd8+ Bf8) 1-0